Normal view
MARC view
Entry Corporate Name
001 - CONTROL NUMBER
- control field: 3525
003 - CONTROL NUMBER IDENTIFIER
- control field: OSt
005 - DATE AND TIME OF LATEST TRANSACTION
- control field: 20211028141545.0
008 - FIXED-LENGTH DATA ELEMENTS
- fixed length control field: 211028|| aca||aabn | a|a d
040 ## - CATALOGING SOURCE
- Original cataloging agency: OSt
- Transcribing agency: OSt
110 ## - HEADING--CORPORATE NAME
- Corporate name or jurisdiction name as entry element: Roshan Suaris
670 ## - SOURCE DATA FOUND
- Source citation: Work cat.: (OSt): Raghavendra; R, Kavitha. 81773 3524, Development of internal tool for building video maps., 2011